000 00435nam a2200205Ia 4500
001 12991
003 GE_BSU
008 181216s||||||||xx |||||||||||||| ||und||
020 _a9781846052408
040 _cGE_BSU
080 _a821.111-3
100 _aPrice,Katie.
245 _aAngel Unqovered.
260 _aLondon.
260 _bCentury.
260 _c2008
300 _a326p;20cm.
653 _aAngel Unqovered.
942 _cBK
999 _c46159
_d46159